Statistics for Thor: The Dark World Quotes

Click here to take the quiz!

General Stats

  • This quiz has been taken 81 times
  • The average score is 8 of 11

Answer Stats

QuotesCharacter% Correct
And what of Thor? You'll make that witless oaf king while I rot in chains?Loki
97%
We are not gods! We're born, we live, we die, just as humans do.Odin
92%
YOU KNOW DAMN WELL WHO! YOU KNOW DAMN WELL!Thor
85%
Betray him and I'll kill you.Sif
80%
You were gone for five hours!Darcy Lewis
78%
You think you can stop this? The Aether can not be destroyed!Malekith
78%
What use is a guard who cannot spot the enemy?Heimdall
77%
The very fabric of reality is gonna be torn apart.Jane Foster
74%
There is nothing more reassuring than realizing that the world is crazier than you are.Dr. Erik Selvig
71%
One down. Five to go...Collector
40%
Seal it away, so that no one can ever find it.Bor
29%

Score Distribution

Percentile by Number Answered

Percent of People with Each Score

Your Score History

You have not taken this quiz